01268cam a22003015a 4500999001700000003000900017005001700026008004100043020001800084040004300102082001900145100004900164245006300213246005100276264004200327264001000369300002300379336002600402337002800428338002700456650004900483651001000532653004400542655002400586942002100610952016300631952017200794 c17788d17760EG-ScBUE20210425090134.0131205t2011 ii f 000 f eng d a9789380848051 aEG-ScBUEbengerdacEG-ScBUEdEG-ScBUE04a823.7bAUS2221 aAusten, Jane,‏d1775-1817,eauthor.92995210aPride & prejudice :bcomplete and unabridgedcJane Austen.3 aPride and prejudice :bcomplete and unabridged 1aNew Delhi :bBlueberry Books,c[2011] 4cc2011 a437 pages ;c18 cm 2rdacontentatextbtxt 2rdamediaaunmediatedbn 2rdacarrieravolumebnc 7934550aEnglish fictiony19th century.2BUEsh 2BUEsh cAugust2015cJanuary2018bGGENbHHUUEENN vReading book934232 2ddccBBk823 AUS 00102ddc40708sorazbkaMAINbMAINc2NDd2013-12-05g25.00l10m79o823.7 AUSp000029701q2026-05-16r2025-06-18 00:00:00s2025-06-18v31.25w2013-12-05yBB 00102ddc40708BaccahaMAINbMAINcGroup Study Roomsd2018-01-23l4m9o823.7 AUSp000047159r2025-07-15 00:00:00s2024-10-28w2018-01-23yBBzRoom (S) - Jane Austen